Real estate analysis in the information age (Record no. 116097)

MARC details
000 -LEADER
fixed length control field 01155cam a22003015a 4500
001 - CONTROL NUMBER
control field L159716
008 - FIXED-LENGTH DATA ELEMENTS--GENERAL INFORMATION
fixed length control field 171214s2018 xxk f 000 0 eng d
020 ## - INTERNATIONAL STANDARD BOOK NUMBER
International Standard Book Number 9781138232907
035 ## - SYSTEM CONTROL NUMBER
System control number (Sirsi) u159716
041 0# - LANGUAGE CODE
Language code of text/sound track or separate title eng
050 04 - LIBRARY OF CONGRESS CALL NUMBER
Classification number 690.0285
100 1# - MAIN ENTRY--PERSONAL NAME
Personal name Winson-Geideman, Kimberley
245 00 - TITLE STATEMENT
Title Real estate analysis in the information age
Remainder of title Techniques for Big Data and statistical modelling
260 ## - PUBLICATION, DISTRIBUTION, ETC.
Place of publication, distribution, etc. Abingdon
Name of publisher, distributor, etc. Routledge
Date of publication, distribution, etc. 2018
520 ## - SUMMARY, ETC.
Summary, etc. Considers the challenges of the need to integrate big data sources and statistical modelling techniques into conventional real estate research and analysis. Identifies data sources both conventional and big data, tools and processes, modelling and analysis using case studies . Concludes with a discussion on legal issues and future of big data .
590 ## - LOCAL NOTE (RLIN)
Local note KA
650 24 - SUBJECT ADDED ENTRY--TOPICAL TERM
Topical term or geographic name entry element BIG DATA
650 24 - SUBJECT ADDED ENTRY--TOPICAL TERM
Topical term or geographic name entry element STATISTICS
650 24 - SUBJECT ADDED ENTRY--TOPICAL TERM
Topical term or geographic name entry element DATA MODELLING
651 #4 - SUBJECT ADDED ENTRY--GEOGRAPHIC NAME
Geographic name International
690 ## - LOCAL SUBJECT ADDED ENTRY--TOPICAL TERM (OCLC, RLIN)
Topical term or geographic name as entry element Commercial property
9 (RLIN) 6227
690 ## - LOCAL SUBJECT ADDED ENTRY--TOPICAL TERM (OCLC, RLIN)
Topical term or geographic name as entry element Residential property
9 (RLIN) 6266
700 1# - ADDED ENTRY--PERSONAL NAME
Personal name Krause, Andy
700 1# - ADDED ENTRY--PERSONAL NAME
Personal name Lipscomb, Clifford
700 1# - ADDED ENTRY--PERSONAL NAME
Personal name Evangelopoulos, Nicholas
856 40 - ELECTRONIC LOCATION AND ACCESS
Uniform Resource Identifier <a href=""></a>
Public note
942 ## - ADDED ENTRY ELEMENTS (KOHA)
Suppress in OPAC 0
Holdings
Withdrawn status Lost status Source of classification or shelving scheme Damaged status Not for loan Home library Current library Shelving location Date acquired Total Checkouts Full call number Barcode Date last seen Copy number Price effective from Koha item type
    Dewey Decimal Classification     London London Books 14/12/2017   690.0285 30075142 06/08/2019 1 06/08/2019 Book